The Renaissance and Reformation Movements (Record no. 33018)
[ view plain ]
| 000 -LEADER | |
|---|---|
| fixed length control field | 00442nam a2200193Ia 4500 |
| 003 - CONTROL NUMBER IDENTIFIER | |
| control field | 0100 |
| 008 - FIXED-LENGTH DATA ELEMENTS--GENERAL INFORMATION | |
| fixed length control field | 130303s9999 xx 000 0 und d |
| 040 ## - CATALOGING SOURCE | |
| Transcribing agency | ARRUPELIB |
| 050 ## - LIBRARY OF CONGRESS CALL NUMBER | |
| Classification number | CB359.S6531971 |
| 100 ## - MAIN ENTRY--PERSONAL NAME | |
| Personal name | Spitz, Lewis W |
| 245 #4 - TITLE STATEMENT | |
| Title | The Renaissance and Reformation Movements |
| 260 ## - PUBLICATION, DISTRIBUTION, ETC. (IMPRINT) | |
| Place of publication, distribution, etc | Chicago |
| 260 ## - PUBLICATION, DISTRIBUTION, ETC. (IMPRINT) | |
| Name of publisher, distributor, etc | Rand McNally Company |
| 260 ## - PUBLICATION, DISTRIBUTION, ETC. (IMPRINT) | |
| -- | 1971 |
| 300 ## - PHYSICAL DESCRIPTION | |
| Extent | 614p |
| 650 ## - SUBJECT ADDED ENTRY--TOPICAL TERM | |
| Topical term following geographic name as entry element | Truth |
| 650 ## - SUBJECT ADDED ENTRY--TOPICAL TERM | |
| Location of event | Religions |
| 942 00 - ADDED ENTRY ELEMENTS (KOHA) | |
| Koha issues (borrowed), all copies | 1 |
| Withdrawn status | Lost status | Source of classification or shelving scheme | Damaged status | Not for loan | Collection code | Home library | Current library | Shelving location | Date acquired | Total Checkouts | Full call number | Barcode | Date last seen | Date checked out | Copy number | Price effective from | Koha item type |
|---|---|---|---|---|---|---|---|---|---|---|---|---|---|---|---|---|---|
| Library of Congress Classification | Main Collection | ARRUPE LIBRARY | ARRUPE LIBRARY | 04/03/2013 | 1 | CB359.S6531971 | 46003090285 | 10/10/2017 | 20/01/2015 | 1 | 04/03/2013 | Monograph ( Printed materials) |